赫尔岑大学典藏系列·历史家具 (Запись № 13510378)

Подробности
000 -МАРКЕР
контрольное поле 03062nam0a22004211 4500
001 - ИДЕНТИФИКАТОР ЗАПИСИ
контрольное поле RU\NLR\BIBL_A\022672389
005 - ИДЕНТИФИКАТОР ВЕРСИИ
контрольное поле 20260407101744.0
010 ## - МЕЖДУНАРОДНЫЙ СТАНДАРТНЫЙ НОМЕР КНИГИ (ISBN)
Номер (ISBN) 978-5-8064-3666-6
Тираж 500
021 ## - НОМЕР ГОСУДАРСТВЕННОЙ РЕГИСТРАЦИИ
Код страны российская федерация
035 ## - ДРУГИЕ СИСТЕМНЫЕ НОМЕРА
Идентификатор записи (NLR Aleph) 022672389
100 ## - ДАННЫЕ ОБЩЕЙ ОБРАБОТКИ
Данные общей обработки 20251125d2025 u y0rusy50 ca
101 0# - ЯЗЫК РЕСУРСА
Язык текста, звукозаписи и т.д. китайский
Язык оригинала русский
102 ## - СТРАНА ПУБЛИКАЦИИ ИЛИ ПРОИЗВОДСТВА
Страна публикации российская федерация
105 ## - ПОЛЕ КОДИРОВАННЫХ ДАННЫХ: ТЕКСТОВЫЕ МАТЕРИАЛЫ, МОНОГРАФИЧЕСКИЕ
Кодированные данные о монографическом текстовом документе a g 001zy
181 #0 - ПОЛЕ КОДИРОВАННЫХ ДАННЫХ: ВИД СОДЕРЖАНИЯ
Код вида содержания (ISBD) i
Код характеристики содержания (ISBD) axxe
182 #0 - ПОЛЕ КОДИРОВАННЫХ ДАННЫХ: ТИП СРЕДСТВА
Код типа средства (ISBD) n - непосредственное
200 1# - ЗАГЛАВИЕ И СВЕДЕНИЯ ОБ ОТВЕТСТВЕННОСТИ
Основное заглавие 赫尔岑大学典藏系列·历史家具
Первые сведения об ответственности Е.К.布利诺娃、В.А.库兹米乔夫、Д.А.特卡琴科
Последующие сведения об ответственности 梁翠珍 [译者]
203 ## - ВИД СОДЕРЖАНИЯ И ТИП СРЕДСТВА
Вид содержания Текст
Дополнительные сведения об издании визуальный
Тип средства непосредственный
210 ## - ПУБЛИКАЦИЯ, РАСПРОСТРАНЕНИЕ И ДР.
Место издания, распространения и т.д. 圣彼得堡
Имя издателя, распространителя и т. д. 俄罗斯国立赫尔岑师范大学出版社
Дата издания, распространения и т.д. 2025
210 ## - ПУБЛИКАЦИЯ, РАСПРОСТРАНЕНИЕ И ДР.
Место издания, распространения и т.д. Санкт-Петербург
Имя издателя, распространителя и т. д. Издательство РГПУ
Дата издания, распространения и т.д. 2025
215 ## - ФИЗИЧЕСКАЯ ХАРАКТЕРИСТИКА
Специфическое обозначение материала и объем 120 с.
Другие сведения о физической характеристике ил., цв. ил., портр., факс.
Размеры 23x25 см
300 ## - ОБЩИЕ ПРИМЕЧАНИЯ
Текст примечания На авантит.: 俄罗斯国立赫尔岑师范大学,艺术教育学院 = Российский государственный педагогический университет им. А.И. Герцена, Институт художественного образования
324 ## - ПРИМЕЧАНИЕ О ПЕРВОНАЧАЛЬНОЙ (ОРИГИНАЛЬНОЙ) ВЕРСИИ
Текст примечания Пер. с рус. по изд.: Уникальные коллекции Герценовского университета. Историческая мебель / Е. К. Блинова, В. А. Кузмичев, Д. А. Ткаченко ; [Российский государственный педагогический университет им. А. И. Герцена, Институт художественного образования] 2-е изд., испр. и доп. Санкт-Петербург : Изд-во РГПУ им. А. И. Герцена, 2024 978-5-8064-3523-2
510 1# - ПАРАЛЛЕЛЬНОЕ ЗАГЛАВИЕ
Параллельное заглавие Уникальные коллекции Герценовского университета. Историческая мебель
Сведения, относящиеся к заглавию альбом на китайском языке
Язык заглавия русский
601 02 - НАИМЕНОВАНИЕ ОРГАНИЗАЦИИ КАК ПРЕДМЕТ
Начальный элемент ввода Российский государственный педагогический университет им. А.И. Герцена
Идентифицирующий признак Санкт-Петербург, город
Тематический подзаголовок Мебель учебная
-- История
Системный номер авторитетной/нормативной записи 2345099
Идентификатор авторитетной/нормативной записи RU\NLR\AUTH\6601624754
606 1# - НАИМЕНОВАНИЕ ТЕМЫ КАК ПРЕДМЕТ
Наименование темы Мебель русская
Хронологический подзаголовок 19 в.
Системный номер авторитетной/нормативной записи 2389542
Идентификатор авторитетной/нормативной записи RU\NLR\AUTH\661425136
606 1# - НАИМЕНОВАНИЕ ТЕМЫ КАК ПРЕДМЕТ
Наименование темы Мебель
Тематический подзаголовок Реставрация
Системный номер авторитетной/нормативной записи 1602137
Идентификатор авторитетной/нормативной записи RU\NLR\AUTH\66705264
702 #1 - ИМЯ ЛИЦА - ВТОРИЧНАЯ ОТВЕТСТВЕННОСТЬ
Начальный элемент ввода Блинова
Часть имени, кроме начального элемента ввода Е. К.
Расширение инициалов личного имени Елена Константиновна
702 #1 - ИМЯ ЛИЦА - ВТОРИЧНАЯ ОТВЕТСТВЕННОСТЬ
Начальный элемент ввода Кузмичев
Часть имени, кроме начального элемента ввода В. А.
Расширение инициалов личного имени Владимир Арсентьевич
702 #1 - ИМЯ ЛИЦА - ВТОРИЧНАЯ ОТВЕТСТВЕННОСТЬ
Начальный элемент ввода Ткаченко
Часть имени, кроме начального элемента ввода Д. А.
Даты 1979-
Расширение инициалов личного имени Дмитрий Александрович
702 #1 - ИМЯ ЛИЦА - ВТОРИЧНАЯ ОТВЕТСТВЕННОСТЬ
Начальный элемент ввода Лян Цуйчжэнь
Код отношения Переводчик
711 02 - НАИМЕНОВАНИЕ ОРГАНИЗАЦИИ - АЛЬТЕРНАТИВНАЯ ОТВЕТСТВЕННОСТЬ
Начальный элемент ввода Российский государственный педагогический университет им. А. И. Герцена
Идентифицирующий признак Санкт-Петербург
Идентификатор авторитетной/нормативной записи RU\NLR\AUTH\889929136
Системный номер авторитетной/нормативной записи 353794
852 ## - МЕСТОНАХОЖДЕНИЕ И ШИФР ХРАНЕНИЯ
Идентификатор организации NLR
Наименование фонда или коллекции (Sub-Location Identifier) ОЛСАА-кит.
Шифр хранения (Call Number) 3-5684
942 ## - ДОПОЛНИТЕЛЬНЫЕ ЭЛЕМЕНТЫ ЗАПИСИ (АБИС)
Тип экземпляра АБИС Книга
980 1# - КОЛЛЕКЦИЯ
Название коллекции
980 ## - КОЛЛЕКЦИЯ
Название коллекции Национальная библиография

Нет доступных экземпляров.